Escudos de Futebol (pt.2) Nível Médio - Statistics

Estatísticas Gerais
  • Esse quiz foi jogado 391 vezes
  • A pontuação média é 15 de 30
Estatísticas das Respostas
Imagem Resposta % Correto
CSA
96%
Brusque
93%
São Caetano
91%
Mirassol
90%
Madureira
82%
Moto Club
76%
Confiança
73%
Icasa
72%
Cascavel
71%
Globo
68%
River - PI
65%
Salgueiro
64%
ASA de Arapiraca
61%
Tuna Luso
61%
Manaus
58%
Bahia de Feira
53%
Mixto
52%
Rio Branco
49%
Aimoré
47%
Real Brasília
47%
Uberlândia
46%
Operário - MS
43%
Cabofriense
42%
Patrocinense
42%
Palmas
38%
Caucaia
31%
Goianésia
29%
Serra
27%
Atlético Acreano
26%
Macapá
26%
União Rondonópolis
25%
Real Ariquemes
23%
Comercial - MS
22%
Auto Esporte
19%
Náutico de Roraima
15%
São Francisco - AC
10%
Nenhum quiz correspondente encontrado
Distribuição das Pontuações
Porcentagem de Pessoas com Cada Pontuação
Percentil de Números Respondidos
Sua Pontuação Histórica
Você não jogou esse quiz